000 00373nam a2200133Ia 4500
008 100328s9999 xx 000 0 und d
082 _b64576
100 _aपाडगाकर मंगेश.
245 _aसूर आनंदघन.
260 _bमौज.
630 _aसूर आनंदघन.
730 _aसूर आनंदघन.
942 _cBOOK
999 _c550358
_d550355